The Gallant One : (Record no. 198633)
[ view plain ]
| 000 -LEADER | |
|---|---|
| fixed length control field | 00952 a2200181 4500 |
| 003 - CONTROL NUMBER IDENTIFIER | |
| control field | NUST |
| 005 - DATE AND TIME OF LATEST TRANSACTION | |
| control field | 20221229171843.0 |
| 040 ## - CATALOGING SOURCE | |
| Transcribing agency | Nust |
| 082 ## - DEWEY DECIMAL CLASSIFICATION NUMBER | |
| Classification number | 356.113,AHM |
| 100 ## - MAIN ENTRY--PERSONAL NAME | |
| Personal name | Ahmad, Nadeem Rifat |
| 9 (RLIN) | 106437 |
| 245 ## - TITLE STATEMENT | |
| Title | The Gallant One : |
| Remainder of title | War Services of First Battalion The Baloch Regiment / |
| Statement of responsibility, etc. | Nadeem Rifat Ahmad, |
| 260 ## - PUBLICATION, DISTRIBUTION, ETC. | |
| Place of publication, distribution, etc. | Rawalpindi |
| Name of publisher, distributor, etc. | Battalion |
| Date of publication, distribution, etc. | 2012 |
| 300 ## - PHYSICAL DESCRIPTION | |
| Extent | 236 p .; |
| 505 ## - FORMATTED CONTENTS NOTE | |
| Formatted contents note | The Second Kandy War (Page-1), The Naning War (Page-12), Pacification of Upper Burma (Page-17), The Assault Landing at Sheikh (Page-27), Defence of the Suez Canal (Page-34), The Gallipoli Campaign (Page-39), The Western Front (Page-45), The North West Frontier (Page-74), The Campaign In Malaya (Page-81), The Kashmir War (Page-118), The September War (Page-127), The Shakargarh Salient (Page-147), The Sianchen Conflict (Page-153). |
| 600 ## - SUBJECT ADDED ENTRY--PERSONAL NAME | |
| Personal name | Ahmad, Nadeem Rifat |
| 9 (RLIN) | 106437 |
| 650 ## - SUBJECT ADDED ENTRY--TOPICAL TERM | |
| Topical term or geographic name entry element | Baloch Regiment |
| 9 (RLIN) | 106438 |
| 942 ## - ADDED ENTRY ELEMENTS (KOHA) | |
| Source of classification or shelving scheme | |
| Koha item type | Book |
| Call number prefix | 356.113,AHM |
| Withdrawn status | Lost status | Source of classification or shelving scheme | Damaged status | Not for loan | Permanent Location | Current Location | Shelving location | Date acquired | Full call number | Barcode | Date last seen | Price effective from | Koha item type | Public note |
|---|---|---|---|---|---|---|---|---|---|---|---|---|---|---|
| Military College of Signals (MCS) | Military College of Signals (MCS) | General Stacks | 12/12/2016 | 356.113,AHM | MCS36835 | 12/08/2016 | 12/12/2016 | Book | Almirah No.53, Shelf No.4 | |||||
| Military College of Signals (MCS) | Military College of Signals (MCS) | General Stacks | 12/12/2016 | 356.113,AHM | MCS36836 | 12/08/2016 | 12/12/2016 | Book | Almirah No.74, Shelf No.2 |
